Roman cities - Statistics

General Stats
  • This quiz has been taken 15 times
  • The average score is 8 of 12
Answer Stats
Hint Answer % Correct
Roma Rome
100%
Carthago Carthage | Tunis
92%
Londonium London
92%
Mediolanum Milan
83%
Syracusae Syracuse
83%
Lugdunum Lyon
67%
Lutetia Paris
67%
Eboracum York
58%
Hispalis Seville
50%
Aquincum Budapest
42%
Caesaraugusta Zaragoza
42%
Antiochia Antakya
25%
No matching quizzes found
Score Distribution
Percent of People with Each Score
Percentile by Number Answered
Your Score History
You have not taken this quiz